000 00283nam a22001217a 4500
008 180518b xxu||||| |||| 00| 0 eng d
041 _aeng
080 _a043.3
100 _a0
101 _aSHKI-BA
245 _aSherbimet Centrexe dhe Aplikimi i tyre
_cSimnica, E
942 _2udc
_cBK
999 _c45938
_d45938